00468 a2200145 450000100060000004000370000610000200004324000490006324500440011236200090015665000310016594200070019695201020020399900170030575694 cAnchieta - Colégio São Paulo aMira, Ana Paula10aAs fadas borboletas e o campo de floreslpor10aAs fadas borboletas e o campo de flores0 a2017 4aLiteratura infanto-juvenil cBK 00104070a88.1b88.1d2023-11-22l0o028.5 M671ap7455/CSPr2023-11-22 14:33:18w2023-11-22yBK c75694d75694